| 000 | 00472nam a22001217a 4500 | ||
|---|---|---|---|
| 082 | _a220 PRO | ||
| 100 |
_aMuhammad Abdullah Javed Malik Muhammad Asfandyar Khan Jawwad Rehman _971255 |
||
| 245 | _aPR-SOF-1443-Development of Numerical Framework for Action Potential Propagation & Spiral Waves Formation to Analyze Cardiac Arrhythmias | ||
| 260 |
_aISLAMABAD _bNUST COLLEGE OF EME _c2011 |
||
| 650 |
_aDE-MECH-33 _971256 |
||
| 700 |
_a Dr. Imran Akhtar _911136 |
||
| 942 | _cCR | ||
| 999 |
_c577876 _d577876 |
||